Word of Mouth - o čom si najčastejšie hovoria slovenskí zákazníci (na príklade vybranej firmy) diplomová práca

Guardado en:
Detalles Bibliográficos
Autor principal: Véghová, Michaela
Autor Corporativo: Obchodná fakulta EU. Katedra marketingu
Otros Autores: Klepochová, Dagmar, 1968-
Formato: Libro
Lenguaje:eslovaco
Publicado: Bratislava 2014
Etiquetas: Agregar Etiqueta
Sin Etiquetas, Sea el primero en etiquetar este registro!

MARC

LEADER 00000nbm a2200000 4500
001 0186143
005 20170201095040.8
041 0 |a slo 
044 |a SK 
245 1 0 |a Word of Mouth - o čom si najčastejšie hovoria slovenskí zákazníci (na príklade vybranej firmy)  |b diplomová práca  |c Michaela Véghová ; školiteľ: Dagmar Klepochová 
264 1 |a Bratislava  |c 2014 
300 |a 71 s. 
100 1 |a Véghová, Michaela 
700 1 |a Klepochová, Dagmar, 1968- 
710 2 |a Obchodná fakulta EU. Katedra marketingu